Establishing a data framework for the investigation of the price effects of eco-labelling commercial property assets (Record no. 112529)

MARC details
000 -LEADER
fixed length control field 01145cad a22002775a 4500
001 - CONTROL NUMBER
control field E153464
008 - FIXED-LENGTH DATA ELEMENTS--GENERAL INFORMATION
fixed length control field 110801s2010 xxk f 000 0 eng d
020 1# - INTERNATIONAL STANDARD BOOK NUMBER
International Standard Book Number 9781842195956
035 ## - SYSTEM CONTROL NUMBER
System control number (Sirsi) u153464
041 0# - LANGUAGE CODE
Language code of text/sound track or separate title eng
100 1# - MAIN ENTRY--PERSONAL NAME
Personal name McAllister, Patrick
245 00 - TITLE STATEMENT
Title Establishing a data framework for the investigation of the price effects of eco-labelling commercial property assets
Medium [electronic resource]
260 ## - PUBLICATION, DISTRIBUTION, ETC.
Place of publication, distribution, etc. London
Name of publisher, distributor, etc. RICS
Date of publication, distribution, etc. 2010
490 #0 - SERIES STATEMENT
Series statement RICS Findings in Built and Rural Environments
520 ## - SUMMARY, ETC.
Summary, etc. Looks at the data available to researchers who want to assess the economic effects of energy consumption and environmental performance on the financial performance of commercial real estate assets.
521 ## - TARGET AUDIENCE NOTE
Target audience note Advanced
590 ## - LOCAL NOTE (RLIN)
Local note KA
651 #4 - SUBJECT ADDED ENTRY--GEOGRAPHIC NAME
Geographic name United Kingdom
Chronological subdivision
690 ## - LOCAL SUBJECT ADDED ENTRY--TOPICAL TERM (OCLC, RLIN)
Topical term or geographic name as entry element PROPERTY-COMMERCIAL PROPERTY
690 ## - LOCAL SUBJECT ADDED ENTRY--TOPICAL TERM (OCLC, RLIN)
Topical term or geographic name as entry element ENVIRONMENTAL AND LAND CONSULTANCY-ENERGY
700 1# - ADDED ENTRY--PERSONAL NAME
Personal name Fuerst, Franz
700 1# - ADDED ENTRY--PERSONAL NAME
Personal name Wyatt, Peter
700 1# - ADDED ENTRY--PERSONAL NAME
Personal name Wetering, Jorn van de
856 40 - ELECTRONIC LOCATION AND ACCESS
Uniform Resource Identifier <a href="https://www.rics.org/Global/Downloads/Full_report_-_a_data_framework_for_EPC_analysis.pdf">https://www.rics.org/Global/Downloads/Full_report_-_a_data_framework_for_EPC_analysis.pdf</a>
Public note Broken link - not available
942 ## - ADDED ENTRY ELEMENTS (KOHA)
Suppress in OPAC 0
Holdings
Withdrawn status Lost status Source of classification or shelving scheme Damaged status Not for loan Home library Current library Shelving location Date acquired Total Checkouts Full call number Barcode Date last seen Copy number Price effective from Koha item type
    Dewey Decimal Classification     Virtual Virtual Online 01/08/2011   ONLINE PUBLICATION 153464-1001 06/08/2019 1 06/08/2019 Book